| 000 | 01015cam a2200289 a 4500 | ||
|---|---|---|---|
| 001 | 15971170 | ||
| 005 | 20170105102921.0 | ||
| 008 | 091103s2009 enk b 001 0 eng d | ||
| 010 | _a 2009464975 | ||
| 020 | _a9780720613339 (pbk.) | ||
| 035 | _a(OCoLC)ocn313644301 | ||
| 040 |
_aBTCTA _cBTCTA _dYDXCP _dBWK _dPUL _dMTG _dDLC |
||
| 042 | _alccopycat | ||
| 043 | _ae-uk--- | ||
| 050 | 0 | 0 |
_aPN5118 _b.B68 2009 |
| 082 | 0 | 0 |
_a072/.4 _223 |
| 100 | 1 | _aBraithwaite, Brian. | |
| 245 | 1 | 4 |
_aThe press book : _badventures and misadventures in print media / _cBrian Braithwaite. |
| 260 |
_aLondon ; _aChester Springs, PA : _bPeter Owen : _bDistributed in the USA by Dufour Editions, _c2009. |
||
| 300 |
_a176 p. ; _c21 cm. |
||
| 504 | _aIncludes bibliographical references (p. 170-171) and index. | ||
| 650 | 0 |
_aPress _zGreat Britain. |
|
| 650 | 0 |
_aJournalism _zGreat Britain. |
|
| 906 |
_a7 _bcbc _ccopycat _d2 _encip _f20 _gy-gencatlg |
||
| 942 |
_2ddc _cBK |
||
| 999 |
_c15594 _d15594 |
||